书目信息 |
| 题名: |
中国图书馆图书分类法二三版改版实用手册
|
|
| 作者: | 马恒通 , 田文清 主编 | |
| 分册: | ||
| 出版信息: | 北京 科学技术文献出版社 1992.12 |
|
| 页数: | 385页 | |
| 开本: | 26cm | |
| 丛书名: | ||
| 单 册: | ||
| 中图分类: | G254.12 | |
| 科图分类: | 37.6441 | |
| 主题词: | ||
| 电子资源: | ||
| ISBN: | 7-5023-1767-8 | |
| 000 | 01043nam0 2200265 45 | |
| 001 | 0193021842 | |
| 005 | 20060816163856.46 | |
| 010 | @a7-5023-1767-8@dCNY12.80 | |
| 092 | @a科技277-113 | |
| 100 | @a19800101d1992 em y0chiy0121 ea | |
| 101 | 0 | @achi |
| 102 | @aCN@b110000 | |
| 105 | @ak z 000yy | |
| 200 | 10 | @a中国图书馆图书分类法二三版改版实用手册@AZHONG GUO TU SHU GUAN TU SHU FEN LEI FA ER SAN BAN GAI BAN SHI YONG SHOU CE@f马恒通,田文清主编@FMA HENG TONG, TIAN WEN QING ZHU BIAN |
| 210 | @a北京@c科学技术文献出版社@d1992.12 | |
| 215 | @a385页@d26cm | |
| 330 | @a全书共分总论、类目、注释、复分表、其他5部分。书后附有变化类目改编索引,其中类目、注释、复分表3部分将《中国图书馆图书分类法》二、三版改版变化类目按22个类型予以对照。 | |
| 540 | 1 | @a图书 分类 改版@ATU SHU FEN LEI GAI BAN |
| 605 | @a中国图书馆图书分类法,第3版@x研究 | |
| 690 | @aG254.12@v三版 | |
| 692 | @a37.6441 | |
| 701 | 0 | @a马恒通@AMA HENG TONG@4主编 |
| 701 | 0 | @a田文清@ATIAN WEN QING@4主编 |
| 801 | 0 | @aCN@bTSSF@c20060816 |
| 905 | @a10447@dG254.12@e93 | |
| 中国图书馆图书分类法二三版改版实用手册/马恒通,田文清主编.-北京:科学技术文献出版社,1992.12 |
| 385页;26cm |
| ISBN 7-5023-1767-8:CNY12.80 |
| 全书共分总论、类目、注释、复分表、其他5部分。书后附有变化类目改编索引,其中类目、注释、复分表3部分将《中国图书馆图书分类法》二、三版改版变化类目按22个类型予以对照。 |
| ● |
| 相关链接 |
|
|
|
|
正题名:中国图书馆图书分类法二三版改版实用手册
索取号:G254.12/93
 
预约/预借
| 序号 | 登录号 | 条形码 | 馆藏地/架位号 | 状态 | 备注 |
| 1 | 0465034 | 204650341 | 密集书库/ [索取号:G254.12/93] | 在馆 |